ختم نبوت (Record no. 554076)

000 -LEADER
fixed length control field 00315nam a22001217a 4500
082 ## - DEWEY DECIMAL CLASSIFICATION NUMBER
Classification number 297
Author Mark IDR
100 ## - MAIN ENTRY--PERSONAL NAME
Personal name Idress, Mulana Muhammad Khandalvi
9 (RLIN) 51373
245 ## - TITLE STATEMENT
Title ختم نبوت
260 ## - PUBLICATION, DISTRIBUTION, ETC.
Place of publication, distribution, etc. Idara Islamiyat,
Name of publisher, distributor, etc. Lahore,
Date of publication, distribution, etc. 1977.
300 ## - PHYSICAL DESCRIPTION
Extent 104p.
526 ## - STUDY PROGRAM INFORMATION NOTE
Program name 0
Interest level 0
Reading level 0
Title point value 297_000000000000000_IDR
942 ## - ADDED ENTRY ELEMENTS (KOHA)
Source of classification or shelving scheme
Koha item type Book
Holdings
Withdrawn status Lost status Source of classification or shelving scheme Damaged status Not for loan Permanent Location Current Location Date acquired Total Checkouts Full call number Barcode Date last seen Price effective from Koha item type
          Military College of Engineering (MCE) Military College of Engineering (MCE) 04/19/2018   297 IDR MCE-252M 04/19/2018 03/14/2021 Book
© 2023 Central Library, National University of Sciences and Technology. All Rights Reserved.